| 000 | 00630nam a2200205Ia 4500 | ||
|---|---|---|---|
| 999 |
_c40195 _d40195 |
||
| 001 | 41467 | ||
| 003 | PK-LaUMT | ||
| 005 | 20221004172839.0 | ||
| 008 | 140424s9999 xx 000 0 und d | ||
| 020 | _aNA | ||
| 040 | _cPK-LaUMT | ||
| 082 |
_aW 711.554P _bSKO-A |
||
| 100 | _aNobe, Kenneth C. | ||
| 245 |
_aAgricultural policy research and analysis _bimplications for the Pakistan economic analysis network project _cNobe, Kenneth C.<>Skold, Melvin D. |
||
| 260 |
_aIslamabad,Pakistan: _bEconomic Analysis Network Project, _c1988 |
||
| 300 | _a21 p. | ||
| 546 | _aEN | ||
| 700 | _aSkold, Melvin D. | ||
| 942 |
_cWEEDED OUT _2ddc |
||